Torchwood Classic Trivia - Statistics

General Stats
  • This quiz has been taken 412 times
  • The average score is 5 of 12
Answer Stats
Hint Answer % Correct
Which character comes from an old Cardiff family? Gwen Cooper
90%
Besides Jack and Martha, who encountered the Doctor in person? Toshiko Sato
62%
Which food did Ianto and Jack use to lure the dinosaur? Chocolate, preferably dark
56%
What is the cool name of the glove that brings dead back to life? Risen mitten
48%
This Torchwood actor played a minor role in Batman: The Dark Knight Rises Burn Gorman
47%
According to John Hart, what is Torchwood missing? A blonde
32%
What is Rhys's best man's nickname? Banana Boat
32%
Where Toshiko Sato was when she was recruited for Torchwood? An UNIT prison
28%
What is the name of the alien residing in the cells? Janet
26%
S02E04, Meat: What could Torchwood do besides feeding the world? Release a single
18%
Who was Jack's lover during World War II? Estelle Cole
17%
What did Adam became after he was wiped from the team's memories? Sand
16%
No matching quizzes found
Score Distribution
Percent of People with Each Score
Percentile by Number Answered
Your Score History
You have not taken this quiz